Tedlar bag sampling technique for vertical profiling of carbon dioxide through the atmospheric boundary layer with high precision and accuracy /
Saved in:
| Other Authors: | , , , , |
|---|---|
| Format: | Article |
| Language: | English |
| Subjects: | |
| Tags: |
Add Tag
No Tags, Be the first to tag this record!
|
| Institutions: | Thư viện Trường Đại học Đà Lạt |
|---|
| LEADER | 01116nam a2200361 4500 | ||
|---|---|---|---|
| 001 | DLU090094786 | ||
| 005 | ##20091201 | ||
| 040 | # | # | |a DLU |b eng |
| 041 | # | # | |a eng |
| 044 | # | # | |a us |
| 245 | # | # | |a Tedlar bag sampling technique for vertical profiling of carbon dioxide through the atmospheric boundary layer with high precision and accuracy / |c Kristen Schulz ... [et al.]. |
| 653 | # | # | |a Air pollution |
| 653 | # | # | |a Carbon dioxide |
| 653 | # | # | |a Greenhouse gas |
| 653 | # | # | |a Measurement accuracy |
| 653 | # | # | |a Parachutes |
| 653 | # | # | |a Troposphere |
| 653 | # | # | |a Wisconsin |
| 700 | # | # | |a Balsley, Ben B. |
| 700 | # | # | |a Birks, John W. |
| 700 | # | # | |a Davis, Kenneth. |
| 700 | # | # | |a Jensen Michael L. |
| 700 | # | # | |a Schulz, Kristen. |
| 773 | # | # | |t Environmental Science & Technology |g Vol. 38, no. 13 (July 2004), p. 3683-3688 |
| 920 | # | # | |a Phòng Tạp chí -- Trung tâm Thông tin - Thư viện Trường Đại học Đà Lạt |
| 994 | # | # | |a DLU |
| 900 | # | # | |a True |
| 911 | # | # | |a Trương Bảo Trâm Anh |
| 925 | # | # | |a G |
| 926 | # | # | |a A |
| 927 | # | # | |a BB |
| 980 | # | # | |a Thư viện Trường Đại học Đà Lạt |